01147 a2200205 4500003000500000005001700005010001600022020001700038040000900055082001600064100002700080245006400107260003400171300002700205505048500232650005000717942002500767999001900792952013000811Nust20230124110335.0 a 79016849 a0684161672 : cNust00a384.554,REE1 aReel, A. Frank910752614aThe networks : bhow they stole the show / cA. Frank Reel. aNew York :bScribner,cc1979. axvii, 208 p. ;c22 cm. aAll for one and three for all (Page-1), The making of the Monopoly (Page-18), Rating : The Lifeblood (Page-31), The networks and the television Stations (Page-42), The Network and the Producers (Page-67), The Network and the news (Page-87), Censorship (Page-105), The Networks Invasion of Neighboring Domains (Page-120), With can be Done Within the System (Page-134), Alternative Sources (Page-148), The Board to Relief (Page-163), Which Way? Gadgetry or Governments ? (Page-191). 0aTelevision broadcastingzUnited States.97760 2ddccBKk384.554,REE c185314d185314 00102ddc4070aMCSbMCScGENd2016-12-12o384.5540973,REEpMCS3306r2016-12-08w2016-12-12yBKzAlmirah No. 54, Shelf No. 4